00273nam a2200121Ia 4500003000400000005001700004008004100021020001900062040001700081100001800098245001300116260002200129OSt20240320120835.0170523s9999 xx 000 0 und d a978-8120350984 ciimtu meerut aKUMAR- SHARMA 0aAUDITING bTATA MC GRAW HILL